Titanic Characters by Picture Quiz Stats

 Plays Quiz Updated May 27, 2015

Challenge
Share
Tweet
Score 0/15 Timer 04:00
1 Play Today
Name % Correct
Jack Dawson
97.8%
Rose DeWitt Bukater
97.5%
Captain Edward James Smith
70%
Molly Brown
68.3%
Caledon Hockley
59.9%
Thomas Andrews
50.2%
Ruth DeWitt Bukater
42.7%
Bruce Ismay
41.3%
Name % Correct
Fabrizio De Rossi
37.8%
Tommy Ryan
32.4%
Spicer Lovejoy
30.3%
Brock Lovett
28.2%
Officer William Murdoch
28.2%
Lizzy Calvert
21.7%
Lewis Bodine
14.6%

You're not logged in!

Compare scores with friends on all Sporcle quizzes.
OR
Log In

You Might Also Like...

Show Comments

Extras

Top Quizzes Today


Score Distribution

Your Account Isn't Verified!

In order to create a playlist on Sporcle, you need to verify the email address you used during registration. Go to your Sporcle Settings to finish the process.

Report this User

Report this user for behavior that violates our Community Guidelines.

Details: